000 00560nam a2200229Ia 4500
003 OSt
005 20221005125240.0
006 a|||||r|||| 00| 0
007 ta
008 221004b |||||||| |||| 00| 0 kan d
024 _a59927
037 _cTextual
040 _aCRL
_cCRL
_bkan
041 _2kan
_akan
082 _aO33,1D9P:g, L4
100 _aSivarudrappa G S Au.
245 0 _aPampa
260 _c1974
650 _aKANNAD POETRY
942 _hO33,1D9P:g, L4
_cTEXL
_2cc
999 _c1053406
_d1053406